00522nam a2200133 a 4500008004100000050001500041110005500056245003700111246007300148260007100221300001400292350000900306500007300315070709s2006 ||||||||||||||||| || u aUN-ESC(02) aUnited Nations Economic and Social Council (UNESC)10aUnited Nations forrum on forests areport of the sixth session( 27 May 2005 and 13 to 24 February 2006) aNew YorkbUnited Nations Economic and Social Council (UNESC)c2006 aiii, 40p. a0.00 aEconomic and Social Council Official Records, 2006.Supplement no. 22